Statistiche per Paesi dell'Africa con una Mappa Vuota

Clicka qui per fare il quiz!

Statistiche generali

  • Questo quiz è stato fatto 4.069 volte
  • Il punteggio medio è 46 su 54

Risposte nella Mappa

Le risposte nella mappa del quiz sottostante sono codificate secondo una scala di colori dal rosso al verde in base alla % di persone che hanno risposto correttamente.
 

Statistiche sulle risposte

Paese% Corretto
Algeria
98%
Egitto
98%
Marocco
97%
Sudafrica
97%
Libia
96%
Congo (Dem. Rep.)
95%
Congo (Rep.)
95%
Niger
95%
Tunisia
94%
Etiopia
93%
Nigeria
93%
Sudan
93%
Eritrea
91%
Kenya
90%
Senegal
90%
Somalia
90%
Sud Sudan
90%
Ciad
89%
Madagascar
89%
Angola
88%
Mali
88%
Ghana
87%
Guinea
87%
Zambia
87%
Zimbabwe
87%
Lesotho
86%
Mauritania
86%
Tanzania
86%
Costa d'Avorio
85%
Repubblica Centrafricana
85%
Camerun
84%
Namibia
84%
Togo
84%
Botswana
83%
Burundi
83%
Mozambico
83%
Burkina Faso
82%
Uganda
82%
Swaziland
81%
Capo Verde
80%
Guinea-Bissau
80%
Guinea Equatoriale
80%
Liberia
80%
Benin
79%
Gambia
79%
Ruanda
79%
Sierra Leone
79%
Malawi
78%
Gabon
76%
Mauritius
76%
Gibuti
75%
Seychelles
75%
Comoros
70%
Sao Tome e Principe
67%

Distribuzione punteggi

Percentile per numero di risposta

Percentuale di utenti per punteggio

I tuoi punteggi nel tempo

Non hai fatto questo quiz